"Khi chúng ta, những người chết, tỉnh giấc" - di chúc nghệ thuật của Ibsen: Kỉ niệm 100 năm mất của Ibsen /

محفوظ في:
التفاصيل البيبلوغرافية
المؤلف الرئيسي: Phạm Vĩnh Cư.
التنسيق: مقال
اللغة:Vietnamese
الموضوعات:
الوسوم: إضافة وسم
لا توجد وسوم, كن أول من يضع وسما على هذه التسجيلة!
Thư viện lưu trữ: Thư viện Trường Đại học Đà Lạt
LEADER 00834nam a2200277 4500
001 DLU060056960
040 # # |a DLU  |b vie 
041 # # |a vie 
044 # # |a vn 
100 # # |a Phạm Vĩnh Cư. 
245 # # |a "Khi chúng ta, những người chết, tỉnh giấc" - di chúc nghệ thuật của Ibsen: Kỉ niệm 100 năm mất của Ibsen /  |c Phạm Vĩnh Cư. 
653 # # |a Ibsen, Henrik 
653 # # |a Na Uy 
653 # # |a Văn học cận đại 
773 # # |t Nghiên cứu văn học  |g Số 11, 2006, tr.81-95 
920 # # |a Phòng Tạp chí -- Trung tâm Thông tin - Thư viện Trường Đại học Đà Lạt 
933 # # |a VH 
994 # # |a DLU 
900 # # |a True 
911 # # |a Nguyễn Thị Minh Cầm 
925 # # |a G 
926 # # |a A 
927 # # |a BB 
980 # # |a Thư viện Trường Đại học Đà Lạt